00719nam a2200241 a 4500001001300000003000900013005001700022008004100039020002300080082001500103100002300118245005200141260004500193300000900238500003500247505001000282650001600292700002300308902000800331942000700339952011600346999001500462nice12345678IN_TiNIC20260116012945.0050524s1982 dela grp 000 0 eng  a0706993 c12500a958.1bGUP aGupta, Bhabani Sen aAfghan Syndromeb How to Live With Soviet Power aDelhi bVikas Pub House Pvt. Ltd. c1982 a296p aincludes index and biblioraphy2 aIndex aAfghanistan1 aGupta, Bhabani Sen bSRS cBK 001040708StackRoom-aHMIbHMId2007-05-30g125.00l0o958.1 GUPp010228r2007-05-30v125.00w2005-05-24yBK c9049d9049